Statistics for List Of WWE Champions

Click here to take the quiz!

General Stats

  • This quiz has been taken 362 times
  • The average score is 96 of 120

Answer Stats

Date WonAnswer% Correct
25/7/2011John Cena & CM Punk
96%
1/5/2011 | 13/9/2009 | 17/9/2006 | +9 othersJohn Cena
94%
2/4/1989 | 21/4/2002 | 23/1/1984 | +3 othersHulk Hogan
93%
15/2/2009 | 17/3/2002 | 21/5/2000 | +5 othersTriple H
93%
19/5/2002 | 23/3/1997 | 23/5/1999 | 27/11/1991The Undertaker
92%
15/6/2009 | 18/8/2013 | 19/9/2010 | +4 othersRandy Orton
91%
19/1/1997 | 31/3/1996Shawn Michaels
89%
15/11/1998 | 15/2/1999 | 21/7/2002 | +5 othersThe Rock
89%
16/3/2003 | 17/8/2014 | 25/8/2002 | 30/3/2003Brock Lesnar
86%
28/6/1998Kane
86%
12/10/1992 | 16/2/1997 | 19/11/1995 | +2 othersBret Hart
84%
17/7/2011 | 20/11/2011CM Punk
83%
23/11/2008 | 25/1/2009 | 3/7/2006 | 8/1/2006Edge
83%
1/4/2001 | 28/3/1999 | 28/6/1999 | +3 othersStone Cold Steve Austin
82%
21/2/2010 | 7/6/2009Batista
81%
25/7/2011Rey Mysterio
80%
1/9/1992 | 19/1/1992Ric Flair
80%
14/11/1999 | 17/11/2002The Big Show
80%
9/12/2001Chris Jericho
76%
15/12/2002 | 22/10/2000 | 23/9/2001 | 27/6/2003Kurt Angle
76%
5/2/1988André the Giant
73%
15/9/2013 | 18/8/2013 | 6/4/2014Daniel Bryan
73%
27/3/1988 | 5/4/1992Randy Savage
73%
15/2/2004Eddie Guerrero
71%
14/8/2011 | 2/10/2011Alberto Del Rio
70%
14/12/2008Jeff Hardy
70%
14/9/1999Mr Vince McMahon
70%
22/8/1999 | 26/1/1999 | 29/12/1998Mankind
69%
22/11/2010The Miz
69%
1/4/1990The Ultimate Warrior
69%
13/6/1993 | 4/4/1993Yokozuna
69%
27/6/2004John Bradshaw Layfield
68%
10/12/1973 | 17/5/1963Bruno Sammartino
67%
13/12/2009 | 20/6/2010Sheamus
67%
26/11/1994Diesel
61%
9/11/1997Shawn Michaels
59%
20/2/1978 | 23/11/1994Bob Backlund
58%
11/6/2006Rob Van Dam
58%
19/1/1991Sgt. Slaughter
57%
17/11/1996 | 17/2/1997Sycho Sid
57%
26/12/1983The Iron Sheik
53%
25/4/1963Buddy Rogers
46%
8/2/1971Pedro Morales
44%
30/4/1977Billy Graham
37%
18/1/1971Ivan Koloff
34%
1/12/1973Stan Stasiak
31%

Score Distribution

Percentile by Number Answered

Percent of People with Each Score

Your Score History

You have not taken this quiz